Jovenes y códigos donde esta la equidad?

Este documento es un trabajo comparativo entre el código del menor en Colombia y en Italia. De donde se sacan inquietudes y sugerencias para quienes trabajan cotidianamente con los problemas de los menores.

Gardado en:
Detalles Bibliográficos
Autor Corporativo: Colombia. Presidencia de la República. Consejería Presidencial para la Política Social
Formato: Libro
Idioma:Spanish
Publicado: Bogotá: Consejería Presidencial para la política social, 1995
Edición:1
Series:Cuadernos de experiencias; No. 2
Subjects:
Acceso en liña:Enlace del recurso
Tags: Engadir etiqueta
Sen Etiquetas, Sexa o primeiro en etiquetar este rexistro!

MARC

LEADER 00000nam a2200000 a 4500
001 000983
008 030429s1995 ck a fr# #000|0#spa#d
020 |a 958-648-096-8 
041 0 |a spa 
043 |a s-ck--- 
082 0 4 |a 344.0327  |b C557j 
110 1 |a Colombia.  |b Presidencia de la República.  |b Consejería Presidencial para la Política Social 
245 1 0 |a Jovenes y códigos donde esta la equidad?   |c Consejería Presidencial para la Política Social 
250 |a 1 
260 |a Bogotá:  |b Consejería Presidencial para la política social,  |c 1995 
300 |a 99 p. 
440 0 |a Cuadernos de experiencias;  |v No. 2 
504 |a Incluye bibliografía. 
520 3 |a Este documento es un trabajo comparativo entre el código del menor en Colombia y en Italia. De donde se sacan inquietudes y sugerencias para quienes trabajan cotidianamente con los problemas de los menores. 
650 1 4 |a NIÑOS  |x LEGISLACIÓN  |z COLOMBIA 
999 |c 3135  |d 3135 
856 |u https://catalogo.idep.edu.co/cgi-bin/koha/opac-detail.pl?biblionumber=3135  |z Enlace del recurso